QUEST Central Library Banner

Textbook of Soil Mechanics and Foundation Engineering: geotechnical engineering series (Record no. 8703)

MARC details
000 -LEADER
fixed length control field 00659nam a2200229 4500
003 - CONTROL NUMBER IDENTIFIER
control field PK-NaQUE
005 - DATE AND TIME OF LATEST TRANSACTION
control field 20250929145303.0
008 - FIXED-LENGTH DATA ELEMENTS--GENERAL INFORMATION
fixed length control field 250929b ||||| |||| 00| 0 eng d
020 ## - INTERNATIONAL STANDARD BOOK NUMBER
International Standard Book Number 8123913621
020 ## - INTERNATIONAL STANDARD BOOK NUMBER
International Standard Book Number 9788123913629
040 ## - CATALOGING SOURCE
Transcribing agency QUEST
082 ## - DEWEY DECIMAL CLASSIFICATION NUMBER
Classification number 624.157MUR
100 ## - MAIN ENTRY--PERSONAL NAME
Personal name Murthy, V. N. S
245 ## - TITLE STATEMENT
Title Textbook of Soil Mechanics and Foundation Engineering: geotechnical engineering series
260 ## - PUBLICATION, DISTRIBUTION, ETC. (IMPRINT)
Place of publication, distribution, etc India:
Name of publisher, distributor, etc UBSPD,
Date of publication, distribution, etc 1996.
300 ## - PHYSICAL DESCRIPTION
Extent 932p. ;
650 ## - SUBJECT ADDED ENTRY--TOPICAL TERM
Topical term or geographic name as entry element Engineering geology
650 ## - SUBJECT ADDED ENTRY--TOPICAL TERM
Topical term or geographic name as entry element Foundations
650 ## - SUBJECT ADDED ENTRY--TOPICAL TERM
Topical term or geographic name as entry element Engineering geology
856 ## - ELECTRONIC LOCATION AND ACCESS
Uniform Resource Identifier <a href="http://10.10.170.122:8080/browse/book/28551">http://10.10.170.122:8080/browse/book/28551</a>
Link text Download eBook
942 ## - ADDED ENTRY ELEMENTS (KOHA)
Koha item type Books
Source of classification or shelving scheme Dewey Decimal Classification
Holdings
Withdrawn status Lost status Damaged status Not for loan Home library Current library Date acquired Total Checkouts Full call number Barcode Date last seen Price effective from Koha item type Date checked out Cost, normal purchase price
        Central Library, QUEST, Nawabshah Central Library, QUEST, Nawabshah 12/08/2014   624.157MUR 21978 12/08/2014 12/08/2014 Books    
        Central Library, QUEST, Nawabshah Central Library, QUEST, Nawabshah 12/08/2014 2 624.157MUR 21979 10/11/2020 12/08/2014 Books 06/11/2020  
        Central Library, QUEST, Nawabshah Central Library, QUEST, Nawabshah 18/08/2014   624.157MUR 20582 18/08/2014 18/08/2014 Books   249.40
        Central Library, QUEST, Nawabshah Central Library, QUEST, Nawabshah 18/08/2014   624.157MUR 20082 18/08/2014 18/08/2014 Books   255.00
        Central Library, QUEST, Nawabshah Central Library, QUEST, Nawabshah 18/08/2014 3 624.157MUR 20083 30/10/2018 18/08/2014 Books 03/05/2018 255.00
        Central Library, QUEST, Nawabshah Central Library, QUEST, Nawabshah 18/08/2014 1 624.157MUR 20084 06/09/2016 18/08/2014 Books 01/09/2016 255.00
        Central Library, QUEST, Nawabshah Central Library, QUEST, Nawabshah 18/08/2014   624.157MUR 20085 18/08/2014 18/08/2014 Books   255.00

Copyright © 2018,The QUEST, Nawabshah, Shaheed Benazirabad. All rights reserved
Mr. G. Farooq Channar (Librarian) QUEST, Nawabshah, Sindh, Pakistan 67480.
 Ph#: |   0244-9370381-4 Ext. 2308   Email| lib@quest.edu.pk   Web|  http://www.quest.edu.pk